Agricultural Finance: A Practical Guide for Lenders and Entrepreneurs (Record no. 3860)

MARC details
000 -LEADER
fixed length control field 00430nam a22001457a 4500
008 - FIXED-LENGTH DATA ELEMENTS--GENERAL INFORMATION
fixed length control field 250617b |||||||| |||| 00| 0 eng d
020 ## - INTERNATIONAL STANDARD BOOK NUMBER
ISBN 9789789353590
100 ## - MAIN ENTRY--AUTHOR
Author Agbola Abolade Isaac
245 ## - TITLE STATEMENT
Title Agricultural Finance: A Practical Guide for Lenders and Entrepreneurs
260 ## - PUBLICATION, DISTRIBUTION, ETC. (IMPRINT)
Place of publication Yaba, Lagos
Name of publisher The CIBN Press limited
Date of publication 2014
300 ## - COLLATION
Pagination 301p
650 ## - TRACINGS
Main Subject Agriculture- Finance
942 ## - ADDED ENTRY ELEMENTS (KOHA)
Item type Books
050 ## - LIBRARY OF CONGRESS CALL NUMBER
Classification number HD 1437
Item number .A 43
Holdings
Source of classification or shelving scheme Not for loan Permanent location Current location Date acquired Accession No. Full call number Barcode. Koha item type
Library of Congress Classification   Samuel Ogbemudia Main Library, University of Abuja Samuel Ogbemudia Main Library, University of Abuja 06/17/2025 2023/61653 HD 1437 .A 43 2025-2542 Books